Psychology / (Record no. 4183)
[ view plain ]
| 000 -LEADER | |
|---|---|
| fixed length control field | 01247pam a2200205 a 4500 |
| 020 ## - INTERNATIONAL STANDARD BOOK NUMBER | |
| ISBN | 0070719187 : |
| 022 ## - INTERNATIONAL STANDARD SERIAL NUMBER | |
| ISSN | 9780070719187 |
| 050 00 - CALL NUMBER | |
| Classification number | BF121 |
| Item number | .W67 |
| 100 1# - AUTHOR | |
| Personal name | Wortman, Camille B. |
| 245 10 - TITLE | |
| Title | Psychology / |
| Statement of responsibility, etc | Camille Wortman, Elizabeth Loftus, Mary E. Marshall. |
| 250 ## - EDITION | |
| Edition statement | 4th ed. |
| 260 ## - PUBLICATION INFORMATION | |
| Place of publication | New York : |
| Name of publisher | McGraw-Hill, |
| Year of publication | c1992. |
| 300 ## - DESCRIPTION | |
| Number of Pages | 1 v. (various pagings) : |
| Other physical details | ill. (some col.) ; |
| Dimensions | 26 cm. |
| 500 ## - NOTES | |
| General note | Includes bibliographical references and index |
| 505 ## - FORMATTED CONTENTS NOTE | |
| Table of Content | Preface --<br/>The dimensions of psychology --<br/>The methods of psychology --<br/>The biological foundations --<br/>Sensations and perceptions --<br/>The nature of consciousness --<br/>Learning --<br/>Memory and forgetting --<br/>Cognition and language --<br/>Cognitive development --<br/>Social and personality development --<br/>Perspectives on emotion --<br/>The dynamics of motivation --<br/>Personality theories and research --<br/>Assessment and individual differences --<br/>Health, stress, and coping --<br/>Psychological disorders --<br/>Approaches to treatment --<br/>Attitudes an social perception --<br/>Social influence and human behavior --<br/>Glossary --<br/>References --<br/>Credits --<br/>Indexes. |
| 650 #0 - SUBJECTS | |
| Topical Term | Psychology. |
| 700 1# - OTHER AUTHORS | |
| Personal name | Loftus, Elizabeth F., |
| 700 1# - OTHER AUTHORS | |
| Personal name | Marshall, Mary, |
| 942 ## - ADDED ENTRY ELEMENTS (KOHA) | |
| Koha item type | Books |
| Withdrawn status | Lost status | Home library | Current library | Shelving location | Date acquired | Full call number | Accession Number | Koha item type | Collection code |
|---|---|---|---|---|---|---|---|---|---|
| Methodist University Library Main | Methodist University Library Main | General Stacks | 24/12/1999 | BF121 .W67 | 16444 | Books | |||
| Methodist University Library Main | Methodist University Library Main | General Stacks | 24/12/1999 | BF121 .W67 | 16440 | Books | Reference | ||
| Methodist University Library Wenchi Faculty | Methodist University Library Wenchi Faculty | 17/04/2019 | BF121 .W67 | 6276 | Books |